Comparación mediante el método de capacidad espectral de las curvas de capacidad estructural para edificios equivalentes de muros con losas planas (sin vigas) y edificios con muros y vigas (sistema de muros y duales)
محفوظ في:
| المؤلف الرئيسي: | |
|---|---|
| مؤلفون آخرون: | |
| التنسيق: | كتاب |
| اللغة: | Spanish |
| منشور في: |
[San José], Costa Rica,
2020
|
| الموضوعات: | |
| الوسوم: |
إضافة وسم
لا توجد وسوم, كن أول من يضع وسما على هذه التسجيلة!
|
MARC
| LEADER | 00000nam a2200000Ia 4500 | ||
|---|---|---|---|
| 003 | 013219 | ||
| 005 | 20230314085344.0 | ||
| 008 | 140116s2020 cr a 000 ||spa d | ||
| 040 | |c cru CEDI | ||
| 100 | |a Cuevillas Mora, Mariela, 1995- |9 229 | ||
| 245 | |a Comparación mediante el método de capacidad espectral de las curvas de capacidad estructural para edificios equivalentes de muros con losas planas (sin vigas) y edificios con muros y vigas (sistema de muros y duales) | ||
| 260 | |a [San José], Costa Rica, |c 2020 | ||
| 500 | |a Proyecto de graduación (licenciatura en ingeniería civil)--Universidad de Costa Rica. Facultad de Ingeniería. Escuela de Ingeniería Civil | ||
| 501 | |a Director del Proyecto de Graduación: Ing. Carlos Fernández Chaves, M.Sc. | ||
| 650 | |x MUROS DE HORMIGON - PRUEBAS |x CONSTRUCCIONES DE HORMIGON ARMADO |x CONSTRUCCIONES ANTISISMICAS |x RESISTENCIA DE MATERIALES |x VIGAS DE HORMIGON - PRUEBAS |x LOSAS DE HORMIGON - PRUEBAS |x ANALISIS ESTRUCTURAL (INGENIERIA) |x EDIFICIOS | ||
| 700 | |9 230 |a Fernández Chaves, Carlos |d Director del TFG | ||
| 942 | |c CEDI |h TFG 8370 |2 ddc |6 TFG_8370_000000000000000 | ||
| 999 | |c 13357 |d 13357 | ||
